000 00462nam a2200169Ia 4500
003 GCL
008 140319s9999 xx 000 0 eng d
040 _aGCL /
_cGCL
082 0 4 _a621.462
_bH E
100 1 _aHUGHES , AUSTIN
245 1 0 _aELECTRIC MOTORS AND DRIVES : FUNDAMENTAIS , TYPES AND APPLICATIONS /
_cHUGHES , AUSTIN
260 _a[S.N] :
_bNEWNES ،
_c1995
300 _a339 P P
650 0 4 _aMOTORS
650 0 4 _aELECTRIC MOTORS
942 _2ddc
_cBK
999 _c11133
_d11133